| 000 | 00665cab a2200229 4500 | ||
|---|---|---|---|
| 001 | ABS45387 | ||
| 008 | 090401t1991 xxu||||| |||| 00| 0 eng d | ||
| 035 | _a(Sirsi) u52648 | ||
| 041 | _aeng | ||
| 100 | _aBarnes, M. | ||
| 245 | _a1991 Cambridge Lecture: the New Engineering Contract | ||
| 260 | _c1991 | ||
| 350 | _a0 | ||
| 490 |
_aCivil Engineering Surveyor _v16(9) November 1991, 4-6(3) |
||
| 520 | _aDescribes the new engineering contract. | ||
| 650 | _aCAMBRIDGE LECTURE | ||
| 650 | _aCIVIL ENGINEERING CONTRACTS | ||
| 650 | _aNEW ENGINEERING CONTRACT | ||
| 690 | _aBUILT ENVIRONMENT-BUILDING CONTRACT FORMS | ||
| 942 | _n0 | ||
| 948 | _c04/03/1997 | ||
| 999 |
_c32550 _d32550 |
||